[Event "Donau op 12th"]
[Site "Aschach"]
[Date "2003.12.12"]
[Round "4"]
[White "Konrad, Edmund"]
[Black "Schoergendorfer, Harry"]
[Result "1/2-1/2"]
[WhiteElo "2207"]
[BlackElo "1997"]
[PlyCount "140"]
[EventDate "2003.12.26"]
[EventType "swiss"]
[EventRounds "7"]
[EventCountry "AUT"]
[SourceTitle "CBM 097 Extra"]
[Source "ChessBase"]
[SourceDate "2004.01.13"]
[SourceVersion "1"]
[SourceVersionDate "2004.01.13"]
[SourceQuality "1"]

1. e4 d6 2. d4 Nf6 3. Nc3 g6 4. f3 c6 5. Be3 Bg7 6. Qd2 0-0 7. 0-0-0 b5 8. g4 a5 9. Nge2 Bd7 10. Ng3 b4 11. Nce2 Be6 12. Kb1 Bc4 13. h4 e6 14. h5 Qc7 15. Bh6 Bxh6 16. Qxh6 Ra7 17. Nf4 Bxf1 18. hxg6 fxg6 19. Nxe6 Qf7 20. Ng5 Qg7 21. Qxg7+ Rxg7 22. Rhxf1 Re7 23. c3 Nbd7 24. Nh3 Nb6 25. g5 Nfd7 26. cxb4 Nc4 27. Rd3 axb4 28. f4 Ndb6 29. b3 Na3+ 30. Kb2 Ra7 31. f5 Rfa8 32. Ra1 Nb5 33. Nf4 Nc3 34. a4 c5 35. dxc5 dxc5 36. Rd6 Ncxa4+ 37. Kc2 c4 38. Rad1 Nc5 39. Rd8+ Rxd8 40. Rxd8+ Kf7 41. bxc4 Nxc4 42. f6 b3+ 43. Kc3 b2 44. Rb8 Ra3+ 45. Kxc4 Rb3 46. Rh8 Rb7 47. Rxh7+ Kg8 48. Rh1 Na4 49. Nxg6 Rc7+ 50. Kb4 Rc1 51. Rh8+ Kf7 52. Ne5+ Ke6 53. Re8+ Kd6 54. Nf5+ Kc7 55. Re7+ Kb8 56. Ka5 Nb6 57. Nd4 Nc8 58. Nec6+ Ka8 59. f7 Ra1+ 60. Kb4 b1Q+ 61. Kc5 Qb6+ 62. Kc4 Ra4+ 63. Kd3 Qb1+ 64. Ke3 Ra3+ 65. Kf2 Ra2+ 66. Kg3 Qf1 67. Nf3 Rg2+ 68. Kf4 Qc1+ 69. Ke5 Qc5+ 70. Kf4 Qc1+ 1/2-1/2

[Event "AUT North-ch"]
[Site "Linz"]
[Date "2001.04.09"]
[Round "4"]
[White "Knoll, Hermann"]
[Black "Schoergendorfer, Harry"]
[Result "1-0"]
[WhiteElo "2278"]
[BlackElo "2114"]
[PlyCount "93"]
[EventDate "2001.04.06"]
[EventType "swiss"]
[EventRounds "9"]
[EventCountry "AUT"]
[SourceTitle "EXT 2006"]
[Source "ChessBase"]
[SourceDate "2005.11.24"]
[SourceVersion "1"]
[SourceVersionDate "2005.11.24"]
[SourceQuality "1"]

1. d4 Nf6 2. Nf3 e6 3. c4 Bb4+ 4. Nc3 b6 5. e3 0-0 6. Bd3 d5 7. 0-0 dxc4 8. Bxc4 c5 9. Qe2 Bb7 10. Rd1 Qe7 11. Bd2 cxd4 12. exd4 Nbd7 13. Rac1 Rac8 14. Bb3 a6 15. Bg5 Bxc3 16. bxc3 Qd6 17. c4 Ng4 18. h3 Bxf3 19. Qxf3 Ngf6 20. Bf4 Qa3 21. g4 a5 22. g5 a4 23. gxf6 Nxf6 24. Kh1 axb3 25. Rg1 Qa8 26. d5 Ne8 27. axb3 exd5 28. Bd6 dxc4 29. Qxa8 Rxa8 30. Bxf8 Kxf8 31. Rxc4 b5 32. Rc5 Nd6 33. Re1 g6 34. Kg2 Ra2 35. Rd5 Ra6 36. Re2 Rc6 37. b4 h6 38. Rc5 Rb6 39. Rc7 Nf5 40. Rd2 Kg7 41. Rdd7 Rf6 42. Rc5 Nh4+ 43. Kf1 Rf3 44. Rxb5 Rxh3 45. Rbb7 Rf3 46. b5 Rf6 47. b6 1-0

[Event "Ceske Budejovice op"]
[Site "Ceske Budejovice"]
[Date "2000.??.??"]
[Round "1"]
[White "Dolezal, Jiri"]
[Black "Schoergendorfer, Harry"]
[Result "1-0"]
[WhiteElo "2250"]
[BlackElo "2105"]
[PlyCount "65"]
[EventDate "2000.??.??"]
[EventType "swiss"]
[EventRounds "9"]
[EventCountry "CZE"]
[SourceTitle "EXT 2003"]
[Source "ChessBase"]
[SourceDate "2002.11.25"]
[SourceVersion "1"]
[SourceVersionDate "2002.11.25"]
[SourceQuality "1"]

1. e4 c5 2. Bc4 Nc6 3. Nf3 e6 4. Qe2 a6 5. a4 g6 6. c3 Bg7 7. 0-0 Qc7 8. d3 d6 9. Bg5 h6 10. Bh4 Nf6 11. h3 Bd7 12. Bg3 Nh5 13. Bh2 e5 14. Na3 0-0 15. Nh4 Kh7 16. Nf5 Be6 17. Nxg7 Nxg7 18. f4 Bxc4 19. Nxc4 b5 20. Ne3 f5 21. axb5 axb5 22. Rxa8 Rxa8 23. exf5 Nxf5 24. Nxf5 gxf5 25. fxe5 dxe5 26. Rxf5 Ra1+ 27. Kf2 Ra2 28. Rf6 Kg7 29. Rf5 Kg8 30. Qh5 Rxb2+ 31. Ke3 Ne7 32. Qf7+ Kh8 33. Bxe5+ 1-0

[Event "Ceske Budejovice op"]
[Site "Ceske Budejovice"]
[Date "2000.??.??"]
[Round "7"]
[White "Nosek, Frantisek"]
[Black "Schoergendorfer, Harry"]
[Result "1/2-1/2"]
[WhiteElo "2125"]
[BlackElo "2105"]
[PlyCount "61"]
[EventDate "2000.??.??"]
[EventType "swiss"]
[EventRounds "9"]
[EventCountry "CZE"]
[SourceTitle "EXT 2003"]
[Source "ChessBase"]
[SourceDate "2002.11.25"]
[SourceVersion "1"]
[SourceVersionDate "2002.11.25"]
[SourceQuality "1"]

1. e4 c5 2. Nf3 e6 3. d4 cxd4 4. Nxd4 Qb6 5. Nb3 Nf6 6. Bd3 Qc7 7. 0-0 d5 8. Nc3 dxe4 9. Nxe4 Nxe4 10. Bxe4 Be7 11. c3 0-0 12. f4 Bd7 13. Be3 Bc6 14. Qf3 f5 15. Bxc6 Nxc6 16. Rfd1 Rad8 17. g3 e5 18. Rxd8 Rxd8 19. fxe5 Qxe5 20. Kf2 g5 21. Bd4 Nxd4 22. cxd4 Rxd4 23. Nxd4 Qxd4+ 24. Kf1 Bc5 25. Qg2 Kf7 26. Qxb7+ Kg6 27. Qg2 g4 28. Re1 Kg5 29. Re8 Qd1+ 30. Re1 Qd4 31. Re8 1/2-1/2

[Event "Ceske Budejovice op"]
[Site "Ceske Budejovice"]
[Date "2000.??.??"]
[Round "6"]
[White "Schoergendorfer, Harry"]
[Black "Dittrich, Pavel"]
[Result "1/2-1/2"]
[WhiteElo "2105"]
[BlackElo "1955"]
[PlyCount "74"]
[EventDate "2000.??.??"]
[EventType "swiss"]
[EventRounds "9"]
[EventCountry "CZE"]
[SourceTitle "EXT 2003"]
[Source "ChessBase"]
[SourceDate "2002.11.25"]
[SourceVersion "1"]
[SourceVersionDate "2002.11.25"]
[SourceQuality "1"]

1. Nf3 d5 2. c4 e6 3. g3 Nf6 4. Bg2 c6 5. b3 Nbd7 6. cxd5 exd5 7. Bb2 Bd6 8. 0-0 0-0 9. d4 Re8 10. Nc3 Ne4 11. Nxe4 dxe4 12. Nd2 Nf6 13. Qc2 Qe7 14. Nc4 Be6 15. Nxd6 Qxd6 16. Rac1 Bd5 17. e3 h6 18. Rce1 Nh7 19. f3 exf3 20. Bxf3 Bxf3 21. Rxf3 Ng5 22. Rf5 g6 23. Rxg5 hxg5 24. e4 Re6 25. Qc1 Rae8 26. e5 Qd5 27. Qxg5 c5 28. Qf4 cxd4 29. Bxd4 b6 30. Rf1 Rxe5 31. Bxe5 Rxe5 32. Rc1 Re4 33. Qh6 Qd4+ 34. Kf1 Qd3+ 35. Kg1 Qd4+ 36. Kf1 Qd3+ 37. Kg1 Qd4+ 1/2-1/2

[Event "Ceske Budejovice op"]
[Site "Ceske Budejovice"]
[Date "2000.??.??"]
[Round "8"]
[White "Schoergendorfer, Harry"]
[Black "Lang, Christian"]
[Result "1/2-1/2"]
[WhiteElo "2105"]
[BlackElo "2135"]
[PlyCount "25"]
[EventDate "2000.??.??"]
[EventType "swiss"]
[EventRounds "9"]
[EventCountry "CZE"]
[SourceTitle "EXT 2003"]
[Source "ChessBase"]
[SourceDate "2002.11.25"]
[SourceVersion "1"]
[SourceVersionDate "2002.11.25"]
[SourceQuality "1"]

1. Nf3 Nf6 2. c4 g6 3. g3 Bg7 4. Bg2 c5 5. 0-0 0-0 6. Nc3 e6 7. d4 cxd4 8. Nxd4 a6 9. e4 d6 10. Bg5 Qb6 11. Nb3 Nbd7 12. Be3 Qc7 13. Qe2 1/2-1/2

[Event "Linz county-ch"]
[Site "Linz"]
[Date "1999.03.29"]
[Round "4"]
[White "Schoergendorfer, Harry"]
[Black "Trauner, Rudolf"]
[Result "0-1"]
[WhiteElo "2130"]
[BlackElo "2255"]
[PlyCount "60"]
[EventDate "1999.03.26"]
[EventType "swiss"]
[EventRounds "9"]
[EventCountry "AUT"]
[SourceTitle "EXT 2004"]
[Source "ChessBase"]
[SourceDate "2003.11.25"]
[SourceVersion "1"]
[SourceVersionDate "2003.11.25"]
[SourceQuality "1"]

1. Nf3 e6 2. g3 b6 3. Bg2 Bb7 4. 0-0 Nf6 5. c4 c5 6. Nc3 Be7 7. e3 0-0 8. d4 Ne4 9. Ne2 cxd4 10. exd4 d5 11. Nd2 Nf6 12. b3 Nc6 13. Bb2 Rc8 14. cxd5 Nxd5 15. Nc4 Rc7 16. Ne5 Bf6 17. a3 g6 18. Rc1 Nce7 19. Ng4 Bg7 20. Qd2 h5 21. Ne3 Nxe3 22. Qxe3 Nf5 23. Qf4 Rxc1 24. Qxc1 Bxg2 25. Kxg2 Qd5+ 26. Kg1 Qxb3 27. Qd2 Rc8 28. Rc1 Rc4 29. Rc3 Rxc3 30. Qxc3 Qd1+ 0-1

[Event "Balatonbereny op"]
[Site "Balatonbereny"]
[Date "1996.??.??"]
[Round "1"]
[White "Borocz, Istvan"]
[Black "Schoergendorfer, Harry"]
[Result "1-0"]
[WhiteElo "2415"]
[BlackElo "2175"]
[PlyCount "41"]
[EventDate "1996.06.13"]
[EventType "swiss"]
[EventRounds "9"]
[EventCountry "HUN"]
[SourceTitle "CBM 053 Extra"]
[Source "ChessBase"]
[SourceDate "1996.09.01"]
[SourceVersion "1"]
[SourceVersionDate "1996.09.01"]
[SourceQuality "1"]

1. e4 d6 2. d4 Nf6 3. Nc3 g6 4. f4 Bg7 5. Nf3 0-0 6. Bd3 c6 7. 0-0 Nbd7 8. e5 dxe5 9. fxe5 Nd5 10. Nxd5 cxd5 11. Qe1 Qb6 12. Kh1 f6 13. exf6 Rxf6 14. Qxe7 Nf8 15. Bg5 Re6 16. Qa3 Bd7 17. Bf4 Rae8 18. Be5 Bxe5 19. dxe5 Bb5 20. Bxb5 Qxb5 21. Nd4 1-0

[Event "Balatonbereny op"]
[Site "Balatonbereny"]
[Date "1996.??.??"]
[Round "8"]
[White "Schoergendorfer, Harry"]
[Black "Szilagyi, Laszlo"]
[Result "0-1"]
[WhiteElo "2175"]
[BlackElo "2105"]
[PlyCount "62"]
[EventDate "1996.06.13"]
[EventType "swiss"]
[EventRounds "9"]
[EventCountry "HUN"]
[SourceTitle "CBM 053 Extra"]
[Source "ChessBase"]
[SourceDate "1996.09.01"]
[SourceVersion "1"]
[SourceVersionDate "1996.09.01"]
[SourceQuality "1"]

1. d4 Nf6 2. Nf3 g6 3. Bg5 Bg7 4. e3 d5 5. Bd3 c5 6. c3 cxd4 7. exd4 0-0 8. 0-0 Nc6 9. Qc1 Bg4 10. Nbd2 h6 11. Bf4 Nh5 12. Bg3 Kh7 13. Ne1 Rc8 14. Nc2 Nxg3 15. fxg3 e5 16. Ne3 Be6 17. c4 Nxd4 18. Qb1 dxc4 19. Ndxc4 b5 20. Na3 a6 21. Kh1 Qb6 22. Qe1 f5 23. Rf2 e4 24. Be2 Nc6 25. Bf1 Bd4 26. Re2 Ne5 27. Nd1 Nd3 28. Qd2 Rfd8 29. Re3 Nxb2 30. Qb4 Nxd1 31. Rxd1 Bc5 0-1